Le Francais des Employes : Services . Commerce, Industrie /

Đã lưu trong:
书目详细资料
主要作者: Dany, Max
其他作者: Noé, Christine
格式: Sách giấy
出版: Paris : Hachette, 1986
标签: 添加标签
没有标签, 成为第一个标记此记录!
Thư viện lưu trữ: Thư viện Trường Đại học Đà Lạt
LEADER 00605nam a2200253 4500
001 DLU020016370
005 ##11/17/2000
020 # # |a 978- 
041 # # |f re 
082 # # |a 448  |b DA-M 
100 # # |a Dany, Max 
245 # # |a Le Francais des Employes :  |b Services .  |n Commerce, Industrie /  |c Max Dany, Christine Noé 
260 # # |a Paris :  |b Hachette,  |c 1986 
300 # # |a 192 tr.;   |c 24 cm. 
700 # # |a Noé, Christine 
992 # # |a 25000 
994 # # |a DLU 
900 # # |a False 
911 # # |a Administrator 
925 # # |a G 
926 # # |a A 
927 # # |a SH 
980 # # |a Thư viện Trường Đại học Đà Lạt